[Event "CHI-ch sf"]
[Site "Vina del Mar"]
[Date "2022.02.08"]
[Round "1"]
[White "Montero Martinez, Cristian"]
[Black "Lemus Pena, Sebastian"]
[Result "0-1"]
[WhiteElo "2021"]
[BlackElo "1612"]
[PlyCount "86"]
[EventDate "2022.02.08"]
[EventType "swiss"]
[EventRounds "8"]
[EventCountry "CHI"]
[SourceTitle "CBM 207 Extra"]
[Source "ChessBase"]
[SourceDate "2022.05.31"]
[SourceVersion "1"]
[SourceVersionDate "2022.05.31"]
[SourceQuality "1"]

1. d4 Nf6 2. Nf3 d6 3. Bf4 g6 4. h3 Bg7 5. c4 Nbd7 6. Nc3 0-0 7. e3 h6 8. Be2 a6 9. Qc2 Re8 10. Rd1 c5 11. d5 Nf8 12. g4 N8h7 13. e4 Qc7 14. e5 Nd7 15. e6 Ndf8 16. Bd3 g5 17. exf7+ Kxf7 18. Be3 Kg8 19. Bf5 e6 20. dxe6 Bxe6 21. Bxe6+ Rxe6 22. 0-0 Qf7 23. Ne1 Ng6 24. Nd5 Nf6 25. Nc7 Qxc7 26. Qxg6 Rae8 27. Qd3 Kh8 28. Ng2 Nd7 29. Bc1 Ne5 30. Qb3 Nc6 31. Ne3 Nd4 32. Nd5 Qf7 33. Qd3 Nf3+ 34. Kh1 Re1 35. Ne3 Qf4 36. Qxd6 Re5 37. Qd8+ Kh7 38. Qd3+ Kh8 39. Qd8+ Bf8 40. Qxf8+ Qxf8 41. Rfxe1 Nxe1 42. Rxe1 Qxf2 43. Rf1 Qe2 0-1

[Event "Wch FIDE Online U12 America qual"]
[Site "Tornelo INT"]
[Date "2020.12.02"]
[Round "2"]
[White "Zhao, Erick"]
[Black "Lemus Pena, Sebastian"]
[Result "1-0"]
[WhiteElo "2039"]
[BlackElo "1221"]
[PlyCount "57"]
[EventDate "2020.12.01"]
[EventType "swiss (rapid)"]
[EventRounds "7"]
[EventCountry "ISS"]
[SourceTitle "EXT 2022"]
[Source "ChessBase"]
[SourceDate "2021.10.06"]
[SourceVersion "1"]
[SourceVersionDate "2021.10.06"]
[SourceQuality "1"]

1. e4 c5 2. Nf3 d6 3. d4 cxd4 4. Nxd4 Nf6 5. Nc3 e6 6. Be2 a6 7. 0-0 Be7 8. f4 Qc7 9. Bf3 Nbd7 10. Be3 0-0 11. g4 h6 12. h4 Nh7 13. g5 hxg5 14. hxg5 g6 15. Qd2 Rb8 16. f5 exf5 17. exf5 gxf5 18. Nxf5 Ne5 19. Nd5 Qd8 20. Ndxe7+ Kh8 21. Qxd6 Bxf5 22. Qxe5+ f6 23. gxf6 Rxf6 24. Nxf5 Qg8+ 25. Kf2 Re8 26. Qf4 Qf8 27. Bd4 Kg8 28. Bd5+ Rf7 29. Rg1+ 1-0

[Event "Pan American-ch U10"]
[Site "Santiago de Chile"]
[Date "2018.07.27"]
[Round "7"]
[White "Liu, Edison"]
[Black "Lemus Pena, Sebastian"]
[Result "1-0"]
[WhiteElo "1485"]
[BlackElo "1288"]
[PlyCount "115"]
[EventDate "2018.07.22"]
[EventType "swiss"]
[EventRounds "9"]
[EventCountry "CHI"]
[SourceTitle "EXT 2022"]
[Source "ChessBase"]
[SourceDate "2021.10.06"]
[SourceVersion "1"]
[SourceVersionDate "2021.10.06"]
[SourceQuality "1"]

1. e4 g6 2. d4 Bg7 3. Nf3 d6 4. Nc3 c6 5. Bc4 e6 6. a4 d5 7. exd5 exd5 8. Bb3 Ne7 9. 0-0 h6 10. h3 0-0 11. Bf4 Nd7 12. Ne5 Nf5 13. Nxd7 Bxd7 14. Ne2 Re8 15. c3 Re6 16. Bc2 Nh4 17. Bg3 b6 18. Nf4 Re8 19. Re1 Rxe1+ 20. Qxe1 Qf6 21. Qd2 h5 22. Nd3 Re8 23. Ne5 Bxh3 24. Bxh4 Qxh4 25. gxh3 Bxe5 26. dxe5 Qxh3 27. Qf4 Qg4+ 28. Qxg4 hxg4 29. Re1 f5 30. Kg2 Kg7 31. Kg3 c5 32. Kf4 d4 33. c4 Kf7 34. Bxf5 gxf5 35. Kxf5 Ke7 36. Kxg4 d3 37. Rd1 Rd8 38. Kf3 Rd4 39. b3 Ke6 40. Ke3 Kxe5 41. Rxd3 Rxd3+ 42. Kxd3 Kf4 43. Ke2 Ke4 44. f3+ Kd4 45. Kd2 a5 46. f4 Ke4 47. Ke2 Kd4 48. Kf3 Kc3 49. f5 Kxb3 50. f6 Kxa4 51. f7 Kb4 52. f8Q Kxc4 53. Qf4+ Kb5 54. Qd2 a4 55. Qb2+ Ka5 56. Ke4 b5 57. Kd5 c4 58. Kc5 1-0

[Event "Pan American-ch U10"]
[Site "Santiago de Chile"]
[Date "2018.07.23"]
[Round "3"]
[White "Ticona Rocabado, Licael Roderick"]
[Black "Lemus Pena, Sebastian"]
[Result "1-0"]
[WhiteElo "1493"]
[BlackElo "1288"]
[PlyCount "63"]
[EventDate "2018.07.22"]
[EventType "swiss"]
[EventRounds "9"]
[EventCountry "CHI"]
[SourceTitle "EXT 2022"]
[Source "ChessBase"]
[SourceDate "2021.10.06"]
[SourceVersion "1"]
[SourceVersionDate "2021.10.06"]
[SourceQuality "1"]

1. e4 c5 2. d3 d6 3. Nf3 Nf6 4. g3 g6 5. Bg2 Bg7 6. Nbd2 Nbd7 7. 0-0 0-0 8. c3 Rb8 9. Re1 Qc7 10. Nf1 b6 11. Bf4 e5 12. Bd2 Rd8 13. h4 d5 14. exd5 Nxd5 15. Qb3 Bb7 16. Ng5 N7f6 17. Ne4 Nxe4 18. dxe4 Ne7 19. Rad1 c4 20. Qc2 Ba6 21. Ne3 b5 22. Qc1 Bb7 23. Ng4 a5 24. Bh6 Rxd1 25. Rxd1 Bc8 26. Bxg7 Bxg4 27. Qh6 Qb6 28. Bxe5 f6 29. Rd6 Nc6 30. Bxf6 Rb7 31. e5 Qc5 32. Bxc6 1-0

[Event "Santiago op U2200 prep"]
[Site "Santiago de Chile"]
[Date "2017.01.15"]
[Round "4.10"]
[White "Lemus Moreno, Alejandro"]
[Black "Lemus Pena, Sebastian"]
[Result "1-0"]
[WhiteElo "1626"]
[BlackElo "1185"]
[PlyCount "83"]
[EventDate "2017.01.14"]
[EventType "swiss"]
[EventRounds "5"]
[EventCountry "CHI"]
[SourceTitle "EXT 2024"]
[Source "ChessBase"]
[SourceDate "2023.10.10"]
[SourceVersion "1"]
[SourceVersionDate "2023.10.10"]
[SourceQuality "1"]

1. d4 Nf6 2. c4 d6 3. Nc3 g6 4. e4 Bg7 5. f3 Nbd7 6. Be3 0-0 7. Bd3 e5 8. d5 b6 9. b4 a5 10. a3 Qe7 11. Nge2 Bb7 12. 0-0 axb4 13. axb4 Rxa1 14. Qxa1 Ra8 15. Qb2 c5 16. Nc1 Qd8 17. N1a2 cxb4 18. Nxb4 Nc5 19. Be2 Nfd7 20. Rb1 Qc7 21. Nd3 Nxd3 22. Bxd3 Rc8 23. Bxb6 Qxb6+ 24. Qxb6 Nxb6 25. Rxb6 Ba8 26. Rxd6 Bf8 27. Ra6 Bb7 28. Ra2 Bd6 29. g3 Ra8 30. Rxa8+ Bxa8 31. Nb5 Bb8 32. Kf2 Kf8 33. Ke2 Ke7 34. Ke3 f6 35. f4 Bb7 36. c5 Ba6 37. fxe5 Bxb5 38. exf6+ Kxf6 39. Bxb5 Ke7 40. Kd4 h6 41. d6+ Ke6 42. e5 1-0